000 00213nam a2200109Ia 4500
100 _a#N/A
490 _vIII & NO.1
942 _cBK
245 _aELECTRONICS FOR YOU OCT.2007
260 _b#N/A
546 _aENGLISH
999 _c20303
_d20303